000 01150nac a22003257a 4500
001 BR4700103
003 BR-BrBNA
005 20240105112845.0
008 230509b bl.|||m| |||| 00| 0 por d
040 _aBR-BrBNA
_bpor
_cBiblioteca Nacional de Agricultura
072 _aQ10; S10; F30
090 _a0180 BR4700103
100 1 _aBenatar, R.
100 1 _aMeneret, G.
110 1 _aInstituto Agronomico do Sul, Pelotas, RS (Brasil)
_95634
245 1 _aAdaptacao do metodo Pelshenke as pequenas amostras de trigo. Resultados obtidos com alguns hibridos na Estacao Experimental de Passo Fundo [Triticum spp; Fermentacao; Valor nutritivo; Cruzamento vegetal; Rio Grande do Sul; Brasil]
260 3 _aPelotas, RS (Brasil):
_c1947.
300 _a12 p.
490 _aBoletim Tecnico - Instituto Agronomico do Sul (Brazil)
_vno. 2
_x
500 _a15 ref.
650 _aCOMPOSICAO DE ALIMENTO
650 _aTRIGO
650 _aFERMENTACAO
650 _aVALOR NUTRITIVO
650 _aCRUZAMENTO VEGETAL
650 _aHIBRIDO
650 _aRIO GRANDE DO SUL
909 _a202312
_bLúcia Elande
_c55
_dLúcia Elande
942 _2AGRIS
_n0
_cMS
999 _c260626
_d260626